Die antike kunst (Record no. 7176)

MARC details
000 -CABECERA
campo de control de longitud fija 01004nam a2200277 a 4500
001 - NÚMERO DE CONTROL
campo de control BRCA_7501
005 - FECHA Y HORA DE LA ÚLTIMA TRANSACCIÓN
campo de control 20190320205849.0
008 - DATOS DE LONGITUD FIJA--INFORMACIÓN GENERAL
campo de control de longitud fija 300413m1913----gw-a###f##---#001-0#ger-#
041 ## - CÓDIGO DE LENGUA
Código de lengua del texto/banda sonora o título independiente ger
044 ## - CÓDIGO DEL PAÍS DE LA ENTIDAD EDITORA/PRODUCTORA
Código MARC del país gw
050 #4 - SIGNATURA TOPOGRÁFICA DE LA BIBLIOTECA DEL CONGRESO
Número de clasificación N5330
Número de documento/Ítem .C87 1913
100 1# - ENTRADA PRINCIPAL--NOMBRE DE PERSONA
Nombre de persona Curtius, Ludwig
9 (RLIN) 18482
245 10 - MENCIÓN DE TÍTULO
Título Die antike kunst
Mención de responsabilidad, etc. von Ludwig Curtius ; begründet von Fritz Burger ; herausgegeben von A. E. Brinckmann.
260 ## - PUBLICACIÓN, DISTRIBUCIÓN, ETC.
Lugar de publicación, distribución, etc. Berlín
Nombre del editor, distribuidor, etc. Akademische Verlagsgesellschaft Athenaion
Fecha de publicación, distribución, etc. 1913
300 ## - DESCRIPCIÓN FÍSICA
Extensión ix, 293 p.
Otras características físicas il. (algunas a color), 8 láminas
Dimensiones 29 cm.
440 #0 - MENCIÓN DE SERIE/PUNTO DE ACCESO ADICIONAL--TÍTULO
Título Handbuch der Kunstwissenschaft
9 (RLIN) 18483
500 ## - NOTA GENERAL
Nota general Ver también R50 (volumen 2)
500 ## - NOTA GENERAL
Nota general R41
505 0# - NOTA DE CONTENIDO CON FORMATO
Nota de contenido con formato Contenido: v.1 Agypten und Vorderasien.-- v.2 Parte 1. Die klassishe kunst Griechenslands. Parte 2. Die hellenistische und romische kunst
650 14 - PUNTO DE ACCESO ADICIONAL DE MATERIA--TÉRMINO DE MATERIA
Término de materia o nombre geográfico como elemento de entrada Arte antiguo
9 (RLIN) 9308
650 14 - PUNTO DE ACCESO ADICIONAL DE MATERIA--TÉRMINO DE MATERIA
Término de materia o nombre geográfico como elemento de entrada Arte
Subdivisión general Historia
9 (RLIN) 18484
700 1# - PUNTO DE ACCESO ADICIONAL--NOMBRE DE PERSONA
Nombre de persona Burger, Fritz
9 (RLIN) 18485
700 1# - PUNTO DE ACCESO ADICIONAL--NOMBRE DE PERSONA
Nombre de persona Brinckmann, A. E.
Término indicativo de función/relación ed.
9 (RLIN) 18486
902 ## - CATALOGADOR
Iniciales GFM
942 ## - ELEMENTOS DE PUNTO DE ACCESO ADICIONAL (KOHA)
Fuente del sistema de clasificación o colocación Library of Congress Classification
Tipo de ítem Koha Libros
Holdings
Estado de retiro Estado de pérdida Estado dañado No para préstamo Localización permanente Ubicación/localización actual Fecha de adquisición Número de inventario Total de préstamos Signatura topográfica completa Código de barras Fecha visto por última vez Precio válido a partir de Tipo de ítem Koha
El ejemplar forma parte de la colección y puede ser consultado según las políticas vigentes.       Biblioteca del Museo Franz Mayer (Rogerio Casas-Alatriste) Biblioteca del Museo Franz Mayer (Rogerio Casas-Alatriste) 30/04/2013 R41   N5330 .C87 1913 (R41) 8105 22/03/2019 22/03/2019 Libros